000 01814nam0a2200373 4500
001 RU\NLR\bibl\1506532
005 20260406102205.0
010 _a978-5-93878-607-3
_910000
021 _aRU
_b2010-23144
_91552
021 _aRU
_b2010-23020
_91545
035 _a(nilc)RSL-KNO-004623994
035 _a(NLR Aleph) 001497952
090 _a1789257
_c1789257
100 _a20100330d2010 |||y0rusy50 ca
101 0 _arus
102 _aRU
105 _ay zzzz|||||
200 1 _aКнига, которая лечит
_iОрганы пищеварения
_eинформационно-энергетическое учение
_fС. С. Коновалов
210 _aСанкт-Петербург
_cПрайм-ЕВРОЗНАК
_d2010
215 _a188, [1] с.
_cил.
_d20
225 1 _aКнига, которая лечит
_vкн. 2
606 1 _aПищеварительная система
_jПопулярные издания
_xБолезни
_xТерапия нетрадиционная
_92275071
_3RU\NLR\auth\661363437
610 0 _aЗдравоохранение. Медицинские науки -- Общая терапия -- Парамедицина
610 0 _aЗдравоохранение. Медицинские науки -- Гастроэнтерология -- Болезни системы пищеварения -- Терапия
686 _aР358.9,0
_2rubbk
686 _aР413-5,0
_2rubbk
686 _aР413-5я9
700 1 _4070
_8rus
_7ca
_aКоновалов
_bС. С.
_cд-р мед. наук
_f1954-
_gСергей Сергеевич
_3RU\NLR\auth\7783232
_966160
801 0 _aRU
_bРГБ
_c20100330
_grcr
801 1 _aRU
_bРГБ
_c20100330
801 2 _aRU
_bNLR
_c20100429
_grcr
942 _cBOOK
980 _aNB